Name a Valid Year in the UFC #2 - Statistics

General Stats
  • This quiz has been taken 206 times
    156 since last reset
  • The average score is 10 of 13
Answer Stats
Hint Answer % Correct
Ronda Rousey is a champion 2012-2015
97%
There is an interim lightweight champion 2017-2020
96%
The bantamweight championship was vacant 2019-2020
95%
Georges St-Pierre is a champion 2006-2013 | 2017
93%
Dana White's Contenders Series exists 2017-
93%
It is the UFC's 30th anniversary 2023
91%
Dan Severn won a UFC event 1995
83%
There was an event in Denver, Colorado 1993-1995 | 2011-2012 | 2017-2018
82%
There is a Chinese champion 2019-
75%
A fighter missed weight for a championship bout 2005 | 2007 | 2016 | 2018 | 2020 | 2022
68%
There was a season of The Ultimate Fighter in Brazil 2012-2015
60%
Ultimate Japan took place 1997
58%
There was a title draw in the lightweight division 2003
55%
No matching quizzes found
Score Distribution
Percent of People with Each Score
Percentile by Number Answered
Your Score History
You have not taken this quiz since the last reset